Digital control system / (Record no. 101851)

MARC details
000 -LEADER
fixed length control field 00966nam a22002297a 4500
005 - DATE AND TIME OF LATEST TRANSACTION
control field 20170502101056.0
010 ## - LCCN (DPL NO)
LC control number 1617EN
020 ## - INTERNATIONAL STANDARD BOOK NUMBER
Terms of availability 565.00
International Standard Book Number 9780198083542
035 ## - SYSTEM CONTROL NUMBER
System control number B-651599-607
035 ## - SYSTEM CONTROL NUMBER
System control number B-666222
037 ## - SOURCE OF ACQUISITION
Source of stock number/acquisition Pragati
Stock number dpl
082 ## - DEWEY DECIMAL CLASSIFICATION NUMBER
Classification number 629.8043
100 ## - MAIN ENTRY--PERSONAL NAME
Personal name Kuo Bebjamin, C
245 ## - TITLE STATEMENT
Title Digital control system /
Statement of responsibility, etc by Bebjamin C.Kuo
250 ## - EDITION STATEMENT
Edition statement 2nd ed.
260 ## - PUBLICATION, DISTRIBUTION, ETC. (IMPRINT)
Place of publication, distribution, etc New Delhi
Name of publisher, distributor, etc Oxford University Press
Date of publication, distribution, etc 2016
270 ## - ADDRESS
Address YMCA Library Building, 1, Jai Singh Road,
City New Delhi
Postal code 110001
300 ## - PHYSICAL DESCRIPTION
Extent xx,751p.
Dimensions 24cm(pbk)
Other physical details illus.
942 ## - ADDED ENTRY ELEMENTS (KOHA)
Source of classification or shelving scheme Dewey Decimal Classification
Item type English Books
Classification part 629.8043
Call number suffix KUO
Holdings
Withdrawn status Lost status Not for loan Collection code Home library Current library Date acquired Source of acquisition Cost, normal purchase price Full call number Barcode Copy number Cost, replacement price Koha item type
      Non-fiction Ashok Vihar Ashok Vihar 02/05/2017 BPPD/EN/2016-17/AV/2016-17/466/15.2.2017/569/28.2.2017/ 10.3.2017 565.00 629.8043 KUO B-666222 1 565.00 English Books
      Non-fiction Bawana Bawana 09/02/2017 BPPD/EN/2016-17/300/24.11.2016/IN339/2.12.2016/4.1.2017 565.00 629.8043 KUO B-651606 1 565.00 English Books
      Non-fiction Central Library Central Library 09/02/2017 BPPD/EN/2016-17/300/24.11.2016/IN339/2.12.2016/4.1.2017 565.00 629.8043 KUO B-651599 1 565.00 English Books
      Non-fiction Janak Puri Janak Puri 09/02/2017 BPPD/EN/2016-17/300/24.11.2016/IN339/2.12.2016/4.1.2017 565.00 629.8043 KUO B-651602 1 565.00 English Books
      Non-fiction Karol Bagh Karol Bagh 09/02/2017 BPPD/EN/2016-17/300/24.11.2016/IN339/2.12.2016/4.1.2017 565.00 629.8043 KUO B-651604 1 565.00 English Books
      Non-fiction Kasturba Gandhi Marg Kasturba Gandhi Marg 09/02/2017 BPPD/EN/2016-17/300/24.11.2016/IN339/2.12.2016/4.1.2017 565.00 629.8043 KUO B-651601 1 565.00 English Books
      Non-fiction Narela Narela 09/02/2017 BPPD/EN/2016-17/300/24.11.2016/IN339/2.12.2016/4.1.2017 565.00 629.8043 KUO B-651605 1 565.00 English Books
      Non-fiction Patel Nagar Patel Nagar 09/02/2017 BPPD/EN/2016-17/300/24.11.2016/IN339/2.12.2016/4.1.2017 565.00 629.8043 KUO B-651600 1 565.00 English Books
      Non-fiction Sarojini Nagar Sarojini Nagar 09/02/2017 BPPD/EN/2016-17/300/24.11.2016/IN339/2.12.2016/4.1.2017 565.00 629.8043 KUO B-651603 1 565.00 English Books
      Non-fiction Shahdara Branch Shahdara Branch 09/02/2017 BPPD/EN/2016-17/300/24.11.2016/IN339/2.12.2016/4.1.2017 565.00 629.8043 KUO B-651607 1 565.00 English Books

© Delhi Public Library
Hit Counter
free hit counter